000 01279nam a2200253Ia 4500
003 OSt
005 20211116152958.0
008 210310t1979 mx ad fr 000 0 spa d
020 _a9684511965
040 _aCO-JMCR
_cCO-JMCR
041 1 _aspa
_heng
082 0 4 _a338.9007 /
_bS182t
_223
100 1 _aSalvatore, Dominick,
_918194
_eautor
245 1 0 _aTeoría y problemas de desarrollo económico /
_cDominick Salvatore, Edward T. Dowling ; traductor, Rodrigo Parra Galindo ; revisor, Alfonso Cuellar Solano
260 _aMéxico :
_bMcGraw-Hill,
_c1979
300 _a240 páginas ;
_c27 cm.
490 0 _aSerie de Compendios Schaum
505 0 _aEl desarrollo económico: una visión general -- Teorías generales del desarrollo y subdesarrollo -- La agricultura en el proceso del desarrollo -- Los problemas de la industrialización -- Desarrollo de los recursos humanos -- Ahorro e inversión -- Política monetaria y fiscal -- El papel del comercio en el desarrollo -- Ayuda externa e inversiones extranjeras -- Planeación del desarrollo
650 1 4 _aDesarrollo económico
_918196
700 1 _aDowling, Edward T.,
_eautor
_941536
700 1 _aParra Galindo, Rodrigo,
_etraductor
_941537
700 1 _aCuellar Solano, Alfonso,
_erevisor
_941538
942 _2ddc
_cBK
999 _c8755
_d8755